000 00837nam a2200229Ia 4500
999 _c65176
_d65176
005 20240530110811.0
008 140319s2007 jo a b 000 0 ara d
017 _a2006/3/669
_bعمان . دائرة المكتبة الوطنية
040 _aGCL /
_cGCL
082 0 4 _221
_a749.5 /
_bم ن
100 0 _aمحمود ابونعيم
245 1 0 _aنجارة الاثاث المنزلى :
_bدهانه . زخرفته . ترميمه /
_cمحمود ابونعيم
250 _aط.1
260 _aعمان :
_bدار اليازورى العلمية للنشر والتوزيع،
_c2007
300 _a192 ص. :
_bايض. ؛
_c24 سم.
650 0 7 _aالنجارة
_2qrmak
650 0 7 _aالاثاث المنزلى
_2qrmak
650 0 7 _2qrmak
651 _2qrmak
942 _2ddc
_cBK